Responses for Show #4001 - Monday, January 14, 2002

Contestants

[<< previous game]

Jay Giller, a food buyer from East Brunswick, New Jersey

Nanette Wargo, a graduate student from Sauk Village, Illinois

Michael Cabana, a pediatrician from Ann Arbor, Michigan (whose 1-day cash winnings total $13,800)

[next game >>]

Jeopardy! Round responses

MEDICAL CENTER
THE MUSICAL FABRIC STORE
HERBS & SPICES
THE PLANETS
GO WITH THE FLOW
COMPLETES THE PROVERB
    $200 2
scalpel

Nanette
    $200 8
The Nylons

Nanette
    $200 21
ginger

Jay
    $200 1
Saturn

Jay
    $200 16
Amazon

Michael
    $200 26
good news

Nanette
    $400 5
dermatology

Nanette
    $400 9
The Cotton Club

Triple Stumper
    $400 22
saffron

Jay
    $400 3
Mercury

Michael
    $400 17
(Michael: What is the Colorado River?)

Pecos

MichaelNanette
    $400 27
healthy, wealthy & wise

Jay
    $600 13
systolic

Michael
    $600 10
"Chantilly Lace"

Nanette
    $600 23
paprika

Jay
    $600 4
Pluto

Jay
    $1,400 18
Gila River

Nanette
    $600 28
[No mention was made of a turnip.]

from a stone

Michael
    $800 14
digestion

Nanette
    $800 11
The Velveteen Rabbit

Nanette
    $800 24
sage

Jay
    $800 6
Venus

Michael
    $800 19
Danube

Nanette
    $800 29
the fat lady sings

Nanette
    $1000 15
electrolysis

Nanette
    $1000 12
The Chiffons

Jay
    $1000 25
anise

Nanette
    $1000 7
Mars

Nanette
    $1000 20
Cumberland

Nanette
    $1000 30
rules the world

Jay

Scores at the first commercial break (after clue 15):

Michael Nanette Jay
$1,800 $5,000 $1,800

Scores at the end of the Jeopardy! Round:

Michael Nanette Jay
$2,200 $10,600 $5,200

Double Jeopardy! Round responses

AUTHOR! AUTHOR!
WHERE YA FROM?
WHAT "R" YOU DOING?
COLORFUL MOVIE TITLES
PETER MARK ROGET
WEBSTERS
    $400 11
Jack London

Nanette
    $400 4
Indiana

Jay
    $400 30
rounding

Jay
    $400 1
The Green Mile

Michael
    $400 16
chess

Triple Stumper
    $400 21
national anthem

Michael
    $800 12
(Jay: Who is Earle Stanley Garner?)
(Nanette: Who is Raymond Chandler?)

Erle Stanley Gardner

NanetteJay
Triple Stumper
    $800 5
Cheshire

Nanette
    $800 29
rattle

Michael
    $800 2
Crimson Tide

Michael
    $800 17
Encyclopedia Britannica

Nanette
    $800 22
CIA

Michael
    $1200 13
Edith Wharton

Nanette
    $1200 6
Calgary

Michael
    $1200 28
rationalize

Michael
    $1200 3
Pretty in Pink

Jay
    $1200 18
(Nanette: What is 100?)
(Jay: What is 300?)
(Michael: What is 200th?)
(Alex: No harm, no foul. You all lost the same amount of money.)

150th

MichaelNanetteJay
Triple Stumper
    $1200 23
Daniel Webster

Triple Stumper
    $1600 14
Shaffer

Triple Stumper
    $4,000 9
(Alex: Michael, pick a state.)
(Michael: What is, uh, Virginia?)

Missouri

Michael
    $1600 27
rappelling

Michael
    $1600 7
Blue Sky

Triple Stumper
    $2,000 19
crossword puzzles

Nanette
    $1600 24
(Alex: Less than a minute now.)

(Greg) Louganis

Michael
    $2000 15
Anne Brontë

Nanette
    $2000 10
(Alex: The Balearic Islands along with Majorca.)

Ibiza

Triple Stumper
    $2000 26
(Michael: What is run ragged?)

ride roughshod

Michael
Triple Stumper
    $2000 8
Red Rock West

Triple Stumper
    $2000 20
persistence of vision

Triple Stumper
    $2000 25
Sacco & Vanzetti

Michael

Scores at the end of the Double Jeopardy! Round:

Michael Nanette Jay
$5,800 $15,800 $5,200
(lock game)

[wagering suggestions for these scores]

Final Jeopardy! Round responses

AWARDS
JayWhat is Best Foods?
$1,000
MichaelWhat is Gerbers
$4,601
NanetteWhat is Quaker Oats?
$370
Nestlé's

Final scores:

Michael Nanette Jay
$1,199 $15,430 $4,200
3rd place: trip to Tampa Bay and stay at Renaissance Vinoy Resort & Golf Club New champion: $15,430 2nd place: trip to Palm Island in the Grenadines

Game dynamics:

Coryat scores:

Michael Nanette Jay
$9,800 $14,600 $5,200
15 R,
4 W
(including 1 DD)
21 R
(including 2 DDs),
2 W
12 R,
2 W

Combined Coryat: $29,600

[game clues] [game scores] [suggest correction]

Game tape date: 2001-10-30
The J! Archive is created by fans, for fans. Scraping, republication, monetization, and malicious use prohibited; this site may use cookies and collect identifying information. See terms. The Jeopardy! game show and all elements thereof, including but not limited to copyright and trademark thereto, are the property of Jeopardy Productions, Inc. and are protected under law. This website is not affiliated with, sponsored by, or operated by Jeopardy Productions, Inc. Join the discussion at JBoard.tv.